La cuestión ganadera en México

Wedi'i Gadw mewn:
Manylion Llyfryddiaeth
Prif Awdur: Rutsch, Mechthild
Fformat: Texto
Cyhoeddwyd: México, D.F.: Centro de Investigación para la Integración Social
Tagiau: Ychwanegu Tag
Dim Tagiau, Byddwch y cyntaf i dagio'r cofnod hwn!

MARC

LEADER 00000 a a2200000 04500
001 18956
003
040 |a CRAI/IIS  |c CRAI/IIS 
090 |a 016500  
100 |a Rutsch, Mechthild  
245 |a La cuestión ganadera en México  
260 |a México, D.F.:   |b Centro de Investigación para la Integración Social  
300 |a 62 p.  
999 |c 3624  |d 3624